[Event "27th 4NCL Congress"]
[Site "The Old Swan Harrogate"]
[Date "2022.01.21"]
[Round "1.4"]
[White "Kane, Robert"]
[Black "Nwachukwu, Chino"]
[Result "1/2-1/2"]
[WhiteElo "1833"]
[BlackElo "1960"]
[PlyCount "89"]
[EventDate "2022.01.21"]

1. c4 Nf6 2. g3 g6 3. Bg2 Bg7 4. Nc3 O-O 5. e4 d6 6. Nge2 e5 7. O-O Be6 8. d3
c6 9. f4 Ng4 10. f5 Qb6+ 11. c5 Qxc5+ 12. d4 exd4 13. Na4 Qb4 14. fxe6 d3 15.
Qxd3 Qxa4 16. Qxd6 Qb5 17. Rxf7 Qb6+ 18. Kf1 Rd8 19. e7 Na6 20. e8=Q+ Rxe8 21.
Rxg7+ Kxg7 22. Qd7+ Kg8 23. Qxg4 Rad8 24. Bh6 Qxb2 25. Re1 Nc5 26. h4 Nd3 27.
h5 Nxe1 28. Kxe1 Qb1+ 29. Kf2 Qb6+ 30. Be3 Qc7 31. Nf4 Qd7 32. Qh4 Qf7 33. hxg6
hxg6 34. Bf3 Qxa2+ 35. Be2 Qf7 36. Qg5 b6 37. Bc1 Rd6 38. e5 Rd5 39. Bb2 Rd2
40. Ba1 Rf8 41. Ke3 Ra2 42. Bc4 Ra3+ 43. Kf2 Qxc4 44. Qxg6+ Kh8 45. Qh6+
1/2-1/2

[Event "27th 4NCL Congress"]
[Site "The Old Swan Harrogate"]
[Date "2022.01.21"]
[Round "1.5"]
[White "Gibbs, Dominic V"]
[Black "Greatorex, Roger"]
[Result "1-0"]
[WhiteElo "1954"]
[BlackElo "1808"]
[PlyCount "59"]
[EventDate "2022.01.21"]

1. e4 e5 2. Nf3 Nc6 3. Bb5 a6 4. Ba4 d6 5. O-O Nf6 6. Bxc6+ bxc6 7. d4 Nxe4 8.
dxe5 d5 9. Nbd2 Nxd2 10. Qxd2 Be7 11. Qc3 c5 12. e6 O-O 13. exf7+ Rxf7 14. Ne5
Rf6 15. Bg5 Re6 16. Bxe7 Qxe7 17. Nd3 c4 18. Nf4 Rh6 19. Rfe1 Qd6 20. Qe5 Bb7
21. Qxd6 Rxd6 22. Re7 Rc6 23. b3 Rf8 24. Ne6 Rf6 25. Re1 Rg6 26. Re8+ Kf7 27.
Nd8+ Kf6 28. Rf8+ Kg5 29. Re5+ Kh4 30. Rf4+ 1-0

[Event "27th 4NCL Congress"]
[Site "The Old Swan Harrogate"]
[Date "2022.01.21"]
[Round "1.6"]
[White "Willow, Hambel M"]
[Black "Obi, Okwose Marc"]
[Result "0-1"]
[WhiteElo "1784"]
[BlackElo "1954"]
[PlyCount "126"]
[EventDate "2022.01.21"]

1. d4 d5 2. c4 e6 3. Nc3 Nf6 4. Nf3 c6 5. Bg5 Be7 6. e3 Nbd7 7. Qc2 b6 8. Bd3
O-O 9. Ne5 dxc4 10. Nxc4 Bb7 11. O-O h6 12. Bf4 Nh5 13. Bg3 Nxg3 14. hxg3 c5
15. dxc5 Nxc5 16. Be2 Rc8 17. Rad1 Qc7 18. a4 Rfd8 19. Nb5 Qb8 20.
Rxd8+ Rxd8 21. Rd1 Bd5 22. Bf3 a6 23. Nd4 Bxf3 24. gxf3 Rc8 25. Qe2 Nxa4 26.
Ra1 b5 27. Nd2 Qb6 28. Ne4 Rc7 29. b3 Nc3 30. Nxc3 Rxc3 31. Qb2 Rc7 32. Qa2 Ra7
33. Qa5 Bc5 34. Qxb6 Bxb6 35. Kf1 Bxd4 36. exd4 a5 37. Ke2 Kf8 38. Kd3 Ke7 39.
Rc1 a4 40. Ra1 Kd6 41. Kc3 Rc7+ 42. Kb4 axb3 43. Kxb3 Kd5 44. Kb4 Kxd4 45. Kxb5
Kd3 46. Kb6 Rc8 47. Ra2 e5 48. Ra7 Rf8 49. Re7 Ke2 50. Rxe5+ Kxf2 51. g4 Kxf3
52. g5 hxg5 53. Rxg5 g6 54. Kc6 Re8 55. Kd7 Re4 56. Rg1 Rf4 57. Ke7 Rf5 58. Rh1
g5 59. Rf1+ Kg4 60. Rg1+ Kh5 61. Rh1+ Kg6 62. Rg1 Rf4 63. Ra1 g4 0-1

[Event "27th 4NCL Congress"]
[Site "The Old Swan Harrogate"]
[Date "2022.01.21"]
[Round "1.7"]
[White "Bielby, Paul R"]
[Black "Tarbuck, Laurence JM"]
[Result "1-0"]
[WhiteElo "1948"]
[BlackElo "1780"]
[PlyCount "59"]
[EventDate "2022.01.21"]

1. e4 c6 2. Nc3 d5 3. Nf3 dxe4 4. Nxe4 Nf6 5. Ng3 Bg4 6. h3 Bxf3 7. Qxf3 e6 8.
c3 Bd6 9. d4 Qc7 10. Bg5 Nbd7 11. Bd3 h6 12. Bd2 Bxg3 13. fxg3 Qb6 14. b3 O-O-O
15. O-O e5 16. Qf2 e4 17. Bc4 Rhf8 18. a4 Nd5 19. a5 Qc7 20. Bxd5 cxd5 21. c4
dxc4 22. Rfc1 b5 23. axb6 Nxb6 24. bxc4 f5 25. Bf4 Qd7 26. d5 g5 27. Be3 f4 28.
Bxb6 axb6 29. Qxb6 Qd6 30. Qxd6 1-0

[Event "27th 4NCL Congress"]
[Site "The Old Swan Harrogate"]
[Date "2022.01.21"]
[Round "1.8"]
[White "Echavarria Hidalgo, Fernando"]
[Black "Garnett, John S"]
[Result "0-1"]
[WhiteElo "1766"]
[BlackElo "1939"]
[PlyCount "72"]
[EventDate "2022.01.21"]

1. Nf3 d5 2. c4 d4 3. g3 Nc6 4. Bg2 e5 5. d3 Bb4+ 6. Bd2 a5 7. a3 Be7 8. O-O h6
9. e3 Nf6 10. exd4 exd4 11. Re1 O-O 12. Ne5 Nxe5 13. Rxe5 c5 14. Qe1 Bd6 15.
Re2 Bg4 16. f3 Bf5 17. Rf2 Bxd3 18. Bf1 Re8 19. Qc1 Bxf1 20. Kxf1 Qe7 21. a4
Nd7 22. Na3 Ne5 23. Re2 Qf6 24. f4 Nd3 25. Rxe8+ Rxe8 26. Qc2 Qf5 27. Bxa5 Bxf4
28. gxf4 Qxf4+ 29. Kg1 Qe3+ 30. Kh1 Re6 31. Bc7 Ne1 32. Qf5 Rf6 33. Qc8+ Kh7
34. Rxe1 Qxe1+ 35. Kg2 Qf1+ 36. Kg3 Qf3+ 0-1

[Event "27th 4NCL Congress"]
[Site "The Old Swan Harrogate"]
[Date "2022.01.21"]
[Round "1.9"]
[White "Jones, Neil T"]
[Black "Sharkey, Gary"]
[Result "1/2-1/2"]
[WhiteElo "1929"]
[BlackElo "1763"]
[PlyCount "67"]
[EventDate "2022.01.21"]

1. Nf3 d5 2. c4 d4 3. g3 Nc6 4. Bg2 e5 5. d3 f5 6. Nbd2 Nf6 7. Nb3 Be7 8. O-O
O-O 9. a3 a5 10. Qc2 Nh5 11. e3 dxe3 12. fxe3 a4 13. Nbd2 Bc5 14. Re1 f4 15.
Ne4 Be7 16. Qc3 fxg3 17. hxg3 Bf6 18. c5 Bf5 19. Nxf6+ Qxf6 20. Qc4+ Be6 21.
Qh4 Qg6 22. Ng5 Bd7 23. Bd2 h6 24. Bd5+ Kh8 25. Ne4 Bf5 26. Kg2
Bg4 27. Rf1 Be2 28. Rxf8+ Rxf8 29. Nf2 Nf6 30. Bxc6 bxc6 31. e4
Nh5 32. Re1 Bf3+ 33. Kh2 Nf6 34. Bc3 1/2-1/2

[Event "27th 4NCL Congress"]
[Site "The Old Swan Harrogate"]
[Date "2022.01.21"]
[Round "1.10"]
[White "Macphail, Kieran"]
[Black "McDonnell, James J"]
[Result "1/2-1/2"]
[WhiteElo "1761"]
[BlackElo "1920"]
[PlyCount "81"]
[EventDate "2022.01.21"]

1. e4 c5 2. Nf3 d6 3. Bb5+ Bd7 4. Bxd7+ Nxd7 5. O-O Ngf6 6. Qe2 e6 7. c3 Be7 8.
d4 O-O 9. Rd1 Qa5 10. Bg5 Rfe8 11. Nbd2 cxd4 12. cxd4 h6 13. Bh4 Rac8 14. Nf1
Nf8 15. h3 Ng6 16. Bg3 d5 17. exd5 Nxd5 18. Ne5 Nxe5 19. dxe5 Bc5 20. Nd2 Qa4
21. Ne4 Be7 22. b3 Qc6 23. Rac1 Qxc1 24. Rxc1 Rxc1+ 25. Kh2 a6 26. Nd6 Bxd6 27.
exd6 Rd8 28. Qd2 Rc6 29. b4 Rd7 30. a4 Nf6 31. b5 axb5 32. axb5 Rb6 33. Qa5 Nd5
34. Qa8+ Kh7 35. Qc8 Nf6 36. Be5 Rdxd6 37. Bxd6 Rxd6 38. Qxb7 Kg6 39. b6 Nd5
40. Qb8 Rxb6 41. Qg3+ 1/2-1/2

[Event "27th 4NCL Congress"]
[Site "The Old Swan Harrogate"]
[Date "2022.01.21"]
[Round "1.11"]
[White "Jacob, Sydney J"]
[Black "Zigmond, Andrew"]
[Result "1-0"]
[WhiteElo "1910"]
[BlackElo "1731"]
[PlyCount "91"]
[EventDate "2022.01.21"]

1. c4 Nf6 2. g3 g6 3. Bg2 Bg7 4. Nc3 d6 5. e4 O-O 6. Nge2 Nbd7 7. d3 Ne5 8. O-O
c6 9. h3 Ned7 10. Be3 Nb6 11. Qd2 Bd7 12. Bh6 Qc8 13. Kh2 Bxh6 14. Qxh6 Bg4 15.
a4 Bxe2 16. Nxe2 Nbd7 17. f4 Nc5 18. Ra3 a6 19. e5 dxe5 20. fxe5 Nfd7 21. Rf4
f5 22. d4 Ne6 23. Rh4 Rf7 24. d5 Nxe5 25. dxe6 Qxe6 26. Qe3 Qf6 27. Rc3 Rd8 28.
Rd4 Rxd4 29. Qxd4 Qd6 30. Qxd6 exd6 31. Nd4 f4 32. g4 c5 33. Nf3 Re7 34. Nxe5
dxe5 35. Be4 Rd7 36. Bd5+ Kg7 37. Rb3 Kf6 38. Rb6+ Ke7 39. Re6+ Kd8 40. Rxe5 b6
41. Kg2 Re7 42. Rxe7 Kxe7 43. g5 Kd6 44. Bg8 Ke5 45. Kf3 Kf5 46. h4 1-0

[Event "27th 4NCL Congress"]
[Site "The Old Swan Harrogate"]
[Date "2022.01.21"]
[Round "1.12"]
[White "Prince, Alan R"]
[Black "Kenning, Paul H"]
[Result "1/2-1/2"]
[WhiteElo "1725"]
[BlackElo "1881"]
[PlyCount "58"]
[EventDate "2022.01.21"]

1. Nf3 d5 2. g3 Nc6 3. Bg2 e5 4. d3 Bf5 5. Nh4 Be6 6. Nd2 Be7 7. Nhf3 Qd7 8. c4
O-O-O 9. cxd5 Bxd5 10. Qa4 Nf6 11. a3 Bc5 12. b4 Nd4 13. Qxd7+ Nxd7 14. Kd1 Bb6
15. Bb2 Nxf3 16. Bxf3 Bxf3 17. Nxf3 f6 18. Ke1 Nf8 19. Nd2 Ne6 20. Nc4 Bd4 21.
Bxd4 Nxd4 22. Rc1 Rhe8 23. e3 Ne6 24. Ke2 Rd7 25. Rhd1 b6 26. Nb2 Kb7 27. Rc3
Nd4+ 28. Kf1 Ne6 29. Rc4 Red8 1/2-1/2

[Event "27th 4NCL Congress"]
[Site "The Old Swan Harrogate"]
[Date "2022.01.21"]
[Round "1.13"]
[White "O'Gorman, Brendan"]
[Black "Webb, Nicholas"]
[Result "1-0"]
[WhiteElo "1880"]
[BlackElo "1712"]
[PlyCount "91"]
[EventDate "2022.01.21"]

1. c4 e5 2. Nc3 Be7 3. Nf3 d6 4. g3 f5 5. Bg2 Nf6 6. d4 e4 7. Ng5
O-O 8. O-O c6 9. f3 d5 10. cxd5 cxd5 11. Qb3 Kh8 12. fxe4 fxe4 13. Bf4 Nc6 14.
Be5 Nxe5 15. dxe5 Bc5+ 16. Kh1 Ng4 17. Nf7+ Rxf7 18. Rxf7 Be6 19. Nxe4 Bb6 20.
Nd6 Nxe5 21. Bxd5 Qxd6 22. Bxe6 Nxf7 23. Bxf7 Rd8 24. Bh5 Qe5 25. Bf3 h6 26.
Rc1 Qd4 27. Qc3 Qf2 28. Qe1 Qd4 29. Qc3 Qf2 30. Qc2 Be3 31. Rd1
Rf8 32. Bg2 b6 33. Rf1 Qxf1+ 34. Bxf1 Rxf1+ 35. Kg2 Rf2+ 36. Kh3 Bc5 37. a3 a5
38. Qc4 Rf6 39. b4 axb4 40. axb4 Bf2 41. e4 Bg1 42. Kg2 Be3 43. Qd3 Bf2 44. e5
Rf8 45. e6 Be1 46. e7 1-0

[Event "27th 4NCL Congress"]
[Site "The Old Swan Harrogate"]
[Date "2022.01.21"]
[Round "1.14"]
[White "Sloan, Cecil"]
[Black "McKerracher, Douglas"]
[Result "0-1"]
[WhiteElo "1707"]
[BlackElo "1875"]
[PlyCount "92"]
[EventDate "2022.01.21"]

1. e4 d5 2. exd5 Qxd5 3. Nc3 Qa5 4. d4 Nf6 5. Nf3 Bf5 6. Ne5 e6 7. Nc4 Qb4 8.
a3 Qe7 9. Be2 Nc6 10. O-O Qd7 11. Be3 a6 12. Bf3 Bd6 13. Qe2 O-O 14. Nxd6 Qxd6
15. Rad1 Rfe8 16. d5 exd5 17. Nxd5 Nxd5 18. Bxd5 Qg6 19. Bxc6 Qxc6 20. c3 Re6
21. Rd4 Rae8 22. Qc4 Qxc4 23. Rxc4 Bd3 24. Rxc7 Bxf1 25. Kxf1 b5 26. Rd7 h6 27.
Ke2 f6 28. Kf3 R8e7 29. Rxe7 Rxe7 30. Ke2 Kf7 31. Kd2 Ke6 32. Bd4 Kd5 33. Be3
Re4 34. g3 Re5 35. h4 Kc4 36. Kc2 Re6 37. b3+ Kd5 38. Kd2 Rc6 39. f3 Rc8 40.
Bd4 Rc7 41. Bb6 Re7 42. Bd4 h5 43. Be3 g6 44. Bd4 Re6 45. Be3 Re7 46. Kd1 Rxe3
0-1

[Event "27th 4NCL Congress"]
[Site "The Old Swan Harrogate"]
[Date "2022.01.21"]
[Round "1.15"]
[White "Dean, Robert A"]
[Black "Oliver, Bruce R"]
[Result "1-0"]
[WhiteElo "1865"]
[BlackElo "1703"]
[PlyCount "61"]
[EventDate "2022.01.21"]

1. e4 b6 2. d4 Bb7 3. Nc3 Nf6 4. Bd3 e6 5. Nf3 Bb4 6. Bg5 h6 7. Bxf6 Qxf6 8.
O-O c5 9. Nb5 O-O 10. Nc7 cxd4 11. a3 Bd6 12. Nxa8 Bxa8 13. Re1 Nc6 14. Qe2 Ne5
15. Nxe5 Bxe5 16. Qg4 d5 17. g3 dxe4 18. Bxe4 d3 19. c3 d2 20. Red1 Bxe4 21.
Qxe4 Rd8 22. Qe3 Bd6 23. Rxd2 Bc5 24. Rxd8+ Qxd8 25. Qe2 Qf6 26. Rd1 Qg5 27.
Qd3 Be7 28. Qd7 a5 29. Qe8+ Bf8 30. Rd8 Qc5 31. b4 1-0

[Event "27th 4NCL Congress"]
[Site "The Old Swan Harrogate"]
[Date "2022.01.21"]
[Round "1.16"]
[White "Murphy, Ross"]
[Black "Carmichael, Ned"]
[Result "1/2-1/2"]
[WhiteElo "1702"]
[BlackElo "1863"]
[PlyCount "47"]
[EventDate "2022.01.21"]

1. Nf3 c5 2. g3 Nf6 3. Bg2 Nc6 4. O-O d5 5. d4 cxd4 6. Nxd4 e6 7. c4 Bc5 8.
Nxc6 bxc6 9. cxd5 cxd5 10. Qc2 Bb6 11. Rd1 O-O 12. e4 Bb7 13. Bg5 h6 14. Bxf6
Qxf6 15. exd5 Bd4 16. Nc3 Rac8 17. Qd2 Bxc3 18. bxc3 Bxd5 19. Bxd5 Rfd8 20. Qe3
Rxd5 21. Rxd5 exd5 22. Qxa7 Qxc3 23. Rd1 Qf3 24. Qd4 1/2-1/2

[Event "27th 4NCL Congress"]
[Site "The Old Swan Harrogate"]
[Date "2022.01.21"]
[Round "1.17"]
[White "Cawston, M John"]
[Black "Stone, Ian C"]
[Result "1/2-1/2"]
[WhiteElo "1857"]
[BlackElo "1701"]
[PlyCount "122"]
[EventDate "2022.01.21"]

1. e4 c5 2. Nf3 e6 3. d4 cxd4 4. Nxd4 Nc6 5. Nc3 a6 6. Be3 Bb4 7. Bc4 Nge7 8.
O-O Bxc3 9. bxc3 O-O 10. Qg4 Ne5 11. Qe2 Nxc4 12. Qxc4 d5 13. Qd3 e5 14. Nf3 f6 15. Rfd1 Be6 16. Bc5 Rf7 17. exd5 
Bg4 18. h3 Bh5 19. c4 Rc8 20. Bxe7 Rxe7 21. d6 Rd7 22. Rab1 Bf7 23. Rb4 Rc6 24.
Qe4 Qc8 25. Nh4 Be6 26. Nf5 Bxf5 27. Qxf5 Kf7 28. Qxh7 Rcxd6 29. Qh5+ Kg8 30.
Rxd6 Rxd6 31. c5 Rc6 32. Qf3 Rxc5 33. Qb3+ Kh7 34. Rxb7 e4 35. Qf7 Rg5 36. Qd7
Qxc2 37. h4 Qc1+ 38. Kh2 Qf4+ 39. Kh3 Qf5+ 40. Qxf5+ Rxf5 41. Kg3 Ra5 42. Rb2
Kg6 43. Kf4 Ra4 44. g3 Kh5 45. Rc2 Kg6 46. Rd2 Kf7 47. h5 Ke6 48. Rb2 Kf7 49.
Kf5 Ra5+ 50. Kxe4 Rxh5 51. Kd4 Re5 52. Kc4 Kg6 53. a4 Re4+ 54. Kb3 Kf5 55. Rc2
Kg4 56. Rc7 g5 57. Rc6 f5 58. Rxa6 Re2 59. f4 gxf4 60. gxf4 Kxf4 61. Rf6 Kg4
1/2-1/2

[Event "27th 4NCL Congress"]
[Site "The Old Swan Harrogate"]
[Date "2022.01.21"]
[Round "1.18"]
[White "Fisher, Neal"]
[Black "Livesey, R Nigel"]
[Result "1/2-1/2"]
[WhiteElo "1700"]
[BlackElo "1851"]
[PlyCount "71"]
[EventDate "2022.01.21"]

1. d4 Nf6 2. Nf3 c5 3. Nc3 cxd4 4. Qxd4 Nc6 5. Qd1 g6 6. e4 Bg7 7. Bb5 O-O 8.
O-O a6 9. Bxc6 bxc6 10. e5 Ng4 11. Bf4 Qa5 12. Re1 f6 13. exf6 exf6 14. Bd6 Rd8
15. Qd4 Nh6 16. Qc4+ Kh8 17. Qb3 Ra7 18. Re4 Rb7 19. Rb4 Rxb4 20. Qxb4 Qxb4 21.
Bxb4 Re8 22. Re1 Rxe1+ 23. Nxe1 d5 24. Ne2 Kg8 25. Nd4 Bd7 26. Nd3 Nf5 27. Nxf5
Bxf5 28. Kf1 Bxd3+ 29. cxd3 Kf7 30. Ke2 Ke6 31. Bc5 f5 32. d4 Bh6 33. b3 Bc1
34. f3 Kf6 35. g3 f4 36. g4 1/2-1/2

[Event "27th 4NCL Congress"]
[Site "The Old Swan Harrogate"]
[Date "2022.01.22"]
[Round "2.1"]
[White "McKerracher, Douglas"]
[Black "Ashcroft, Graham J"]
[Result "0-1"]
[WhiteElo "1875"]
[BlackElo "1968"]
[PlyCount "64"]
[EventDate "2022.01.21"]

1. e4 e6 2. d3 c5 3. g3 Nc6 4. Bg2 g6 5. Nf3 Bg7 6. O-O Nge7 7. Re1 O-O 8. c3
d6 9. Nbd2 e5 10. Nf1 Be6 11. Ne3 h6 12. Nc2 d5 13. Qe2 Qd7 14. exd5 Nxd5 15.
Ne3 Rfe8 16. Nxd5 Bxd5 17. Be3 b6 18. Qd2 Kh7 19. Qc2 Rad8 20. Rad1 f5 21. h3
Qf7 22. b3 f4 23. gxf4 exf4 24. Bc1 Qf6 25. Rxe8 Rxe8 26. d4 Bxf3 27. Bxf3 cxd4
28. c4 Ne5 29. Be4 Qh4 30. Kg2 f3+ 31. Kh2 Ng4+ 32. Kg1 Qxh3 0-1

[Event "27th 4NCL Congress"]
[Site "The Old Swan Harrogate"]
[Date "2022.01.22"]
[Round "2.2"]
[White "Erskine-Pereira, Jack"]
[Black "Gibbs, Dominic V"]
[Result "1/2-1/2"]
[WhiteElo "1846"]
[BlackElo "1954"]
[PlyCount "161"]
[EventDate "2022.01.21"]

1. d4 Nf6 2. Bf4 d6 3. e3 Nbd7 4. Nf3 Nh5 5. Bg3 h6 6. Bh4 g5 7. Nfd2 Nhf6 8. Bg3 Bg7 9. Nc3 c5 10. Nb3 cxd4 11. Nxd4 Nc5 12. Bd3 Nxd3+ 13.
Qxd3 Nh5 14. O-O-O Nxg3 15. hxg3 Qa5 16. e4 Bd7 17. f4 Rc8 18. Nb3 Qa6 19. Qxa6
bxa6 20. fxg5 hxg5 21. Rxh8+ Bxh8 22. Rd5 Be5 23. Ra5 Rc6 24. Ne2 Bc8 25. Nbd4
Rc5 26. Ra4 Bb7 27. c3 Kd7 28. Kd2 e6 29. b4 Rc7 30. Kd3 d5 31. exd5 Bxd5 32.
Ra5 Bd6 33. g4 f6 34. Ke3 Bc4 35. Kd2 Be5 36. Ra3 Kc8 37. Ke3 Kb7 38. Nf3 Bd6
39. Nd2 Bd5 40. Ne4 Be7 41. g3 Rc4 42. Nf2 Bd6 43. Kd3 Be5 44. Ra5 Bc7 45. Ra3
Bb6 46. Nd1 Rxg4 47. Ne3 Bxe3 48. Kxe3 Bc4 49. Nd4 Rxg3+ 50. Kf2 Rh3 51. Ra5
Rh2+ 52. Kg3 Rxa2 53. Rc5 Bd5 54. Kg4 Rg2+ 55. Kh5 Be4 56. Nxe6 g4
57. Rc4 Bf3 58. Kg6 Rf2 59. Rc7+ Kb8 60. Rg7 g3 61. Nd4 Be4+ 62.
Kf7 g2 63. Ke6 Rf1 64. Rg8+ Kb7 65. Rg7+ Kb6 66. c4 Rc1 67. c5+ Rxc5 68. bxc5+
Kxc5 69. Ne2 f5 70. Ke5 Bf3 71. Ng1 Bg4 72. Rxa7 Kb5 73. Rb7+ Kc4 74. Rb2 a5
75. Kf4 a4 76. Rxg2 a3 77. Nf3 Bxf3 78. Kxf3 Kb3 79. Kf4 a2 80. Rxa2 Kxa2 81.
Kxf5 1/2-1/2

[Event "27th 4NCL Congress"]
[Site "The Old Swan Harrogate"]
[Date "2022.01.22"]
[Round "2.3"]
[White "Obi, Okwose Marc"]
[Black "Jacob, Sydney J"]
[Result "1/2-1/2"]
[WhiteElo "1954"]
[BlackElo "1910"]
[PlyCount "44"]
[EventDate "2022.01.21"]

1. d4 Nf6 2. Bf4 c5 3. e3 e6 4. c3 d5 5. Nd2 Bd6 6. Bg3 O-O 7. Ngf3 Qc7 8. Bd3
Nbd7 9. Bxd6 Qxd6 10. O-O e5 11. dxe5 Nxe5 12. Nxe5 Qxe5 13. Nf3 Qe7 14. Qc2
Bg4 15. Be2 Ne4 16. Rfd1 Rad8 17. Qa4 a6 18. Rac1 Rfe8 19. h3 Bd7
20. Qc2 Bf5 21. Bd3 b5 22. Qe2 Qf6 1/2-1/2

[Event "27th 4NCL Congress"]
[Site "The Old Swan Harrogate"]
[Date "2022.01.22"]
[Round "2.5"]
[White "Garnett, John S"]
[Black "O'Gorman, Brendan"]
[Result "1-0"]
[WhiteElo "1939"]
[BlackElo "1880"]
[PlyCount "51"]
[EventDate "2022.01.21"]

1. d4 d5 2. c4 e6 3. Nc3 a6 4. Nf3 dxc4 5. a4 Nc6 6. e4 Na5 7. Be3 Nf6 8. Ne5
Bb4 9. Qc2 O-O 10. Nxc4 Nxc4 11. Bxc4 Ng4 12. O-O Nxe3 13. fxe3 b6 14. Rf4 Bb7
15. Raf1 c5 16. Rxf7 Rxf7 17. Bxe6 cxd4 18. Rxf7 Kh8 19. Nd5 Bxd5 20. exd5 dxe3
21. Qe4 Bc5 22. b4 Bd6 23. h4 Bg3 24. Qd4 Bf2+ 25. Kf1 Qg8 26. Rxf2 1-0

[Event "27th 4NCL Congress"]
[Site "The Old Swan Harrogate"]
[Date "2022.01.22"]
[Round "2.6"]
[White "De Coverly, Roger D"]
[Black "Dean, Robert A"]
[Result "1-0"]
[WhiteElo "1970"]
[BlackElo "1865"]
[PlyCount "95"]
[EventDate "2022.01.21"]

1. d4 d5 2. c4 c6 3. Nf3 Nf6 4. Nc3 e6 5. Bg5 dxc4 6. e4 b5 7. e5 h6 8. Bh4 g5
9. Nxg5 hxg5 10. Bxg5 Nbd7 11. exf6 Bb7 12. g3 c5 13. d5 b4 14. dxe6 Ne5 15.
Qa4+ Bc6 16. exf7+ Kxf7 17. Bxc4+ Nxc4 18. Qxc6 bxc3 19. bxc3 Qe8+ 20. Qxe8+
Rxe8+ 21. Kf1 Bh6 22. Bxh6 Rxh6 23. Kg2 Rxf6 24. Rhe1 Rfe6 25. Rxe6 Rxe6 26.
Rb1 Nb6 27. Rb5 c4 28. Ra5 Re7 29. h4 Rd7 30. a3 Nd5 31. Rc5 Nxc3 32. Rxc4 Nb5
33. a4 Nd4 34. h5 Ne6 35. g4 Rd4 36. Rxd4 Nxd4 37. f4 Ne6 38. Kf3 Nc5 39. a5
Nb7 40. g5 Nxa5 41. h6 Nc6 42. Ke4 a5 43. f5 Kg8 44. f6 Nd8 45. g6 a4 46. f7+
Kf8 47. h7 Kg7 48. h8=Q+ 1-0

[Event "27th 4NCL Congress"]
[Site "The Old Swan Harrogate"]
[Date "2022.01.22"]
[Round "2.7"]
[White "Nwachukwu, Chino"]
[Black "Tomlinson, Zak"]
[Result "1-0"]
[WhiteElo "1960"]
[BlackElo "1827"]
[PlyCount "57"]
[EventDate "2022.01.21"]

1. e4 e5 2. Nf3 Nc6 3. Bb5 a6 4. Ba4 Nf6 5. O-O b5 6. Bb3 Bc5 7. c3 d6 8. d4
exd4 9. cxd4 Bb6 10. h3 h6 11. Nc3 O-O 12. Re1 Bb7 13. Be3 Na5 14. d5 Bxe3 15.
Rxe3 b4 16. Ne2 Re8 17. Ng3 Bc8 18. Ba4 Bd7 19. Rc1 Rc8 20. Nd4 Re7 21. Bxd7
Qxd7 22. Qd2 Rb8 23. a3 Qa4 24. Ndf5 Rd7 25. Qd4 Rb7 26. Nxg7 Nb3 27. Qxf6 bxa3
28. N7f5 Nxc1 29. Qg7# 1-0

[Event "27th 4NCL Congress"]
[Site "The Old Swan Harrogate"]
[Date "2022.01.22"]
[Round "2.8"]
[White "Winter, Kevin"]
[Black "Jones, Neil T"]
[Result "0-1"]
[WhiteElo "1774"]
[BlackElo "1929"]
[PlyCount "126"]
[EventDate "2022.01.21"]

1. e4 c6 2. d4 d5 3. e5 c5 4. dxc5 e6 5. Nf3 Bxc5 6. Bd3 Ne7 7. O-O Nbc6 8. a3
Ng6 9. b4 Bb6 10. Re1 O-O 11. h4 f6 12. Bxg6 hxg6 13. Qd3 Nxe5 14.
Nxe5 fxe5 15. Be3 e4 16. Qd2 Qxh4 17. Nc3 Rf5 18. Bxb6 axb6 19.
Qe3 Rh5 20. Kf1 Qh1+ 21. Ke2 Qxg2 22. Rg1 Qf3+ 23. Qxf3 exf3+ 24. Kxf3 Kf7 25.
Rg3 Bd7 26. Ke3 Rc8 27. Kd2 Rf5 28. f3 Rc4 29. Rag1 Rf6 30. Kd3 e5 31. Kd2 Bf5
32. b5 Rd6 33. Re1 Kf6 34. Rc1 Rd8 35. Ne2 d4 36. f4 e4 37. Rb3 e3+ 38. Ke1
Rxc2 39. a4 d3 40. Rxc2 dxc2 41. Rxe3 Rd1+ 42. Kf2 c1=Q 43. Nxc1 Rxc1 44. Re8
Rc4 45. Rb8 Be4 46. Ra8 Bc2 47. a5 bxa5 48. Rxa5 Ra4 49. Rxa4 Bxa4 50. b6 Ke6
51. Ke3 Kd6 52. Kd4 Bc2 53. Kc3 Bf5 54. Kb4 Kc6 55. Ka5 Be4 56. Kb4 Kxb6 57.
Kb3 Kc5 58. Kc3 b5 59. Kb3 b4 60. Kb2 Kc4 61. Ka2 Kc3 62. f5 gxf5 63. Ka1 Kc2
0-1

[Event "27th 4NCL Congress"]
[Site "The Old Swan Harrogate"]
[Date "2022.01.22"]
[Round "2.9"]
[White "McDonnell, James J"]
[Black "Kane, Robert"]
[Result "1/2-1/2"]
[WhiteElo "1920"]
[BlackElo "1833"]
[PlyCount "57"]
[EventDate "2022.01.21"]

1. e4 c6 2. d4 d5 3. e5 c5 4. dxc5 Nc6 5. Nf3 Bg4 6. Bf4 e6 7. Be2 Bxc5 8. O-O
Nge7 9. Nbd2 Ng6 10. Bg3 Qc7 11. Re1 O-O 12. c3 a6 13. Qc2 Rfc8 14. Bd3 b5 15.
a3 Nce7 16. h3 Bf5 17. Nb3 Bb6 18. Nbd4 Bxd3 19. Qxd3 Qc4 20. Qd2 h6 21. Rac1
Qc7 22. Kh2 Qd7 23. Qd3 Nc6 24. Kg1 Nge7 25. Bf4 Nxd4 26. cxd4 Rxc1 27. Rxc1
Rc8 28. Rc3 Rxc3 29. Qxc3 1/2-1/2

[Event "27th 4NCL Congress"]
[Site "The Old Swan Harrogate"]
[Date "2022.01.22"]
[Round "2.10"]
[White "Kenning, Paul H"]
[Black "Macphail, Kieran"]
[Result "0-1"]
[WhiteElo "1881"]
[BlackElo "1761"]
[PlyCount "80"]
[EventDate "2022.01.21"]

1. d4 Nf6 2. Bf4 d5 3. e3 c5 4. Nd2 Nc6 5. c3 Bf5 6. Ngf3 e6 7. Ne5 Bd6 8. Ndf3
Qc7 9. Bb5 a6 10. Bxc6+ bxc6 11. dxc5 Bxe5 12. Bxe5 Qb7 13. Qb3
Qxb3 14. axb3 Kd7 15. Nd4 Rhg8 16. Bxf6 gxf6 17. Nxf5 exf5 18. O-O
Rgb8 19. Ra3 Rb5 20. b4 Rb7 21. Rfa1 Rba7 22. Kf1 Ke6 23. Ke2
Ke5 24. g3 h5 25. b3 Ke6 26. Kd3 Ke5 27. c4 dxc4+ 28. bxc4 Rd8+ 29. Kc3 Rad7
30. b5 axb5 31. cxb5 cxb5 32. Kb4 Rc7 33. Ra5 Rd2 34. R1a2 Rd1 35. Rb2 h4 36.
Rxb5 h3 37. Rc2 Rh1 38. Rb6 Rb1+ 39. Ka5 Ra7+ 40. Ra6 Ra1+ 0-1

[Event "27th 4NCL Congress"]
[Site "The Old Swan Harrogate"]
[Date "2022.01.22"]
[Round "2.11"]
[White "Sharkey, Gary"]
[Black "Cukovs, Oleg"]
[Result "0-1"]
[WhiteElo "1763"]
[BlackElo "1874"]
[PlyCount "54"]
[EventDate "2022.01.21"]

1. d4 d5 2. e4 dxe4 3. Nc3 Nf6 4. f3 exf3 5. Nxf3 Bg4 6. h3 Bh5 7. g4 Bg6 8.
Ne5 Nbd7 9. Nxg6 hxg6 10. Qf3 c6 11. g5 Nh5 12. Bc4 e6 13. Rf1 Qe7 14. Be3 f5
15. h4 O-O-O 16. O-O-O Nb6 17. Bb3 Qd7 18. a3 Bd6 19. d5 exd5 20. Bxb6 axb6 21.
Na4 Qc7 22. Qf2 b5 23. Nc3 Ng3 24. Rfe1 Ne4 25. Nxe4 fxe4 26. Rg1 Rdf8 27. Qd4
Rxh4 0-1

[Event "27th 4NCL Congress"]
[Site "The Old Swan Harrogate"]
[Date "2022.01.22"]
[Round "2.12"]
[White "Carmichael, Ned"]
[Black "Prince, Alan R"]
[Result "1/2-1/2"]
[WhiteElo "1863"]
[BlackElo "1725"]
[PlyCount "51"]
[EventDate "2022.01.21"]

1. c4 g6 2. Nc3 Bg7 3. g3 e5 4. Bg2 d6 5. e3 c6 6. Nge2 Nd7 7. d4 Ne7 8. O-O f5
9. b3 e4 10. Ba3 Nf6 11. Rc1 d5 12. cxd5 Nexd5 13. Na4 Bf8 14. Bxf8 Kxf8 15.
Qd2 Kf7 16. Nb2 Qe7 17. Nc4 Re8 18. f3 Kg7 19. fxe4 Nxe4 20. Bxe4 Qxe4 21. Nc3
Nxc3 22. Rxc3 Qe7 23. Ne5 Be6 24. Rc5 Bd5 25. Qc2 Rad8 26. Qd2 1/2-1/2

[Event "27th 4NCL Congress"]
[Site "The Old Swan Harrogate"]
[Date "2022.01.22"]
[Round "2.13"]
[White "Farahmandpour, Ehsan"]
[Black "Cawston, M John"]
[Result "1/2-1/2"]
[WhiteElo "1702"]
[BlackElo "1857"]
[PlyCount "78"]
[EventDate "2022.01.21"]

1. d4 Nf6 2. Bf4 g6 3. Nc3 d5 4. h4 h5 5. Qd2 Bg7 6. f3 Bf5 7. O-O-O c6 8. e3
Na6 9. Bd3 Bxd3 10. Qxd3 Nb4 11. Qd2 a5 12. a3 b5 13. axb4 axb4
14. Nb1 Qa5 15. Qd3 Nd7 16. Kd2 Nb6 17. Bc7 Nc4+ 18. Qxc4 bxc4 19. Bxa5 Rxa5
20. Ne2 e5 21. dxe5 Bxe5 22. Nd4 Ra6 23. f4 Bg7 24. c3 c5 25. Nc2 b3 26. Nca3
Ke7 27. Ke2 Rd8 28. Kf3 f5 29. Rd2 Rad6 30. Rhd1 Ke6 31. Nb5 R6d7
32. N1a3 Bf6 33. g3 Ke7 34. Ke2 Bg7 35. Kf3 Bf6 36. Ra1 Ra8 37.
Ke2 Bg7 38. Rad1 Rad8 39. Kf3 Bf6 1/2-1/2